[Event "Verona-chT Serie B/5 51st"]
[Site "Verona"]
[Date "2019.03.15"]
[Round "1.4"]
[White "Baldo Gentile, Giona Gabriel"]
[Black "Aprile, Martino"]
[Result "0-1"]
[WhiteElo "1541"]
[BlackElo "1979"]
[PlyCount "58"]
[EventDate "2019.03.15"]
[EventType "team-tourn"]
[EventRounds "5"]
[EventCountry "ITA"]
[SourceTitle "EXT 2022"]
[Source "ChessBase"]
[SourceDate "2021.10.06"]
[SourceVersion "1"]
[SourceVersionDate "2021.10.06"]
[SourceQuality "1"]
[WhiteTeam "Grosseto Mattoallaprossima"]
[BlackTeam "Clodiense Chioggia II"]
[WhiteTeamCountry "ITA"]
[BlackTeamCountry "ITA"]

1. c4 Nf6 2. Nc3 c5 3. Nf3 Nc6 4. g3 g6 5. Bg2 Bg7 6. e3 0-0 7. d4 cxd4 8. exd4 d5 9. cxd5 Nxd5 10. 0-0 Nb6 11. Ne2 Be6 12. b3 Bd5 13. Bb2 a5 14. Nf4 Bxf3 15. Qxf3 Bxd4 16. Rad1 e5 17. Ne2 Qd6 18. Nxd4 Nxd4 19. Qxb7 Rad8 20. Qa6 Qb4 21. Rc1 Rd6 22. Rfe1 Na4 23. Ba3 Qxa3 24. Qxa5 Ne2+ 25. Rxe2 Qxc1+ 26. Bf1 Rd1 27. Qxa4 Rxf1+ 28. Kg2 Rg1+ 29. Kh3 Qf1+ 0-1